| 000 | 01228nam a2200253Ia 4500 | ||
|---|---|---|---|
| 003 | Ost | ||
| 005 | 20260507074940.0 | ||
| 008 | 260507s9999||||xx |||||||||||||| ||und|| | ||
| 020 | _a9774280149 | ||
| 040 | _cfsecg | ||
| 041 | _aara | ||
| 082 | _a658.785 | ||
| 100 |
_aصابر، محمد عبد العليم _eمؤلف |
||
| 245 | 0 |
_aادارة اللوجيستيات : _bالشراء-التخزين-التوزيع / _c محمد عبد العليم صابر |
|
| 260 |
_aالاسكندرية: _bدار الفكر الجامعي, _c2008 |
||
| 300 |
_a332 صفحة؛ _c24 سم |
||
| 520 | _aيعالج هذا الكتاب:مفاهيم في إدارة اللوجستيات،عمليات اللوجستييات،أنشطة التنسيق بين عمليات اللوجيستيات،إدارة سلاسل التوريد،وظيفة الشراء النقل والتوزيع،إدارة المخزون،الرقابة على المخزون،إدارة المخازن ومناولة المواد والتغليف،تنظيم إدارة اللوجستييات. | ||
| 653 | _aادارة | ||
| 653 | _aالتخزين | ||
| 653 | _aاللوجيستيات | ||
| 653 | _aتوزيع | ||
| 653 | _aشراء | ||
| 942 | _cكتاب | ||
| 999 |
_c41919 _d41919 |
||